| 000 | 01010nam a2200265Ia 4500 | ||
|---|---|---|---|
| 003 | OSt | ||
| 005 | 20221005104257.0 | ||
| 006 | a|||||r|||| 00| 0 | ||
| 007 | ta | ||
| 008 | 221004b |||||||| |||| 00| 0 san d | ||
| 020 |
_a9788177023114 (hbk) _cINR 695.00 |
||
| 024 | _a29641 | ||
| 037 |
_b296, 08/03/2017, Eastern Book Linkers _cTextual |
||
| 040 |
_aCRL _cCRL _bsan |
||
| 041 |
_2san _asan |
||
| 082 | _aQ223, 152Q6 | ||
| 100 | _aतिवारी, रीता, ले. | ||
| 245 | 0 | _aकश्मीर की आचार्य-परम्परा और शैवदर्शन | |
| 246 | _aKashmīr kī āchārya-paramparā aur shaivadarshana | ||
| 260 |
_aदिल्ली _bप्रतिभा प्रकाशन भारत _c2016 |
||
| 300 |
_a164पृ0 _ccm. |
||
| 650 | _aधर्म दर्शन | ||
| 942 |
_hQ223, 152Q6 _cTEXL _2cc |
||
| 999 |
_c1012242 _d1012242 |
||